| 000 | 00336nam a2200133Ia 4500 | ||
|---|---|---|---|
| 008 | 150201s2010 xx 000 0 und d | ||
| 082 |
_a612.015 _bM10G |
||
| 100 | _aGUPTA,SK | ||
| 245 | _aMANUAL OF PRACTICAL BIOCHEMISTRY FOR MBBS | ||
| 250 | _a2ND | ||
| 260 |
_bARYA PUB. _aDELHI _c2010 |
||
| 650 | _aBIOCHEMISTRY | ||
| 942 |
_2ddc _cBK _0189 |
||
| 999 |
_c1154 _d1154 |
||